000 00459nab a2200145Ia 4500
003 ES-SlBCS
005 20210601132855.0
008 140529s1967 xxu||||| |||| 00| 0 ita d
041 _aita
100 1 _aGiovanni, Alberto di
_962556
245 0 0 _aPsicologia dell'amore nella Commedia di Dante
_c Alberto di Giovanni
600 0 4 _aDante Alighieri-Amor
_9167029
773 0 _tGiornali di Metafisica
_gvol. 22, nº. 1, 1967, págs. 58-81
_w0017-0372
942 _cAR
999 _c586999
_d586999